<The> Determinants of Capital Structure: Evidence from the Slovak Republic

Nielen interné, ale aj externé (HDP, nezamestnanosť, inflácia, úrokové a daňové sadzby) faktory zloženia kapitálovej štruktúry podnikov na Slovensku. Využitie modelu lineárnej regresie. Kvantifikácia determinácie vplyvu parametra na kapitálovú štruktúru.

Salvato in:
Dettagli Bibliografici
Autore principale: Niňaj, Marek, 1987-
Natura: Capitolo di libro
Lingua:inglese
Soggetti:
Tags: Aggiungi Tag
Nessun Tag, puoi essere il primo ad aggiungerne!!

MARC

LEADER 00000naa$a2200000$$$4500
001 0197023
005 20240502083500.9
041 0 |a eng 
044 |a BG 
245 1 0 |a <The> Determinants of Capital Structure: Evidence from the Slovak Republic  |c Marek Niňaj 
520 |a Nielen interné, ale aj externé (HDP, nezamestnanosť, inflácia, úrokové a daňové sadzby) faktory zloženia kapitálovej štruktúry podnikov na Slovensku. Využitie modelu lineárnej regresie. Kvantifikácia determinácie vplyvu parametra na kapitálovú štruktúru. 
610 2 0 |a koeficient determinácie 
610 2 0 |a štruktúra kapitálová 
610 2 0 |a jednotka podnikateľská 
610 2 0 |a modely regresné 
100 1 |a Niňaj, Marek, 1987-